[Event "Pere Noel"]
[Site "Montreal CAN"]
[Date "2019.12.29"]
[Round "4.10"]
[White "Huang, Qiuyu"]
[Black "Richard, Leo"]
[Result "1/2-1/2"]
[WhiteElo "2181"]
[BlackElo "2016"]
[PlyCount "65"]
[EventDate "2019.12.26"]
[EventType "swiss"]
[EventRounds "5"]
[EventCountry "CAN"]

1. e4 e5 2. Nf3 Nc6 3. Bc4 Bc5 4. d3 Nf6 5. c3 O-O 6. O-O d5 7. exd5 Nxd5 8. a4
Bg4 9. a5 a6 10. Nbd2 Kh8 11. h3 Bh5 12. Ne4 Be7 13. Ng3 Bg6 14. Re1 Qd6 15. d4
exd4 16. Nxd4 Nxd4 17. Qxd4 c6 18. Bxd5 Bf6 19. Bf4 Qxd5 20. Qxd5 cxd5 21. Rad1
Rad8 22. Be5 Bg5 23. Bc7 Rd7 24. Bb6 Bd8 25. Bxd8 Rfxd8 26. Rd4 Kg8 27. Red1
Kf8 28. Ne2 Bc2 29. R1d2 Bb3 30. Rb4 Bc4 31. Nd4 Rc8 32. Nc2 Ke8 33. Ne3
1/2-1/2

[Event "Pere Noel"]
[Site "Montreal CAN"]
[Date "2019.12.29"]
[Round "4.11"]
[White "Robichaud, Louis"]
[Black "Craciun, David"]
[Result "1/2-1/2"]
[WhiteElo "2153"]
[BlackElo "1901"]
[PlyCount "72"]
[EventDate "2019.12.26"]
[EventType "swiss"]
[EventRounds "5"]
[EventCountry "CAN"]

1. e4 e5 2. Nf3 Nc6 3. Bb5 a6 4. Ba4 Nf6 5. O-O Be7 6. Re1 b5 7. Bb3 O-O 8. c3
d5 9. exd5 Nxd5 10. Nxe5 Nxe5 11. Rxe5 c6 12. d4 Bd6 13. Re1 Qh4 14. g3 Qh3 15.
Re4 g5 16. Qf1 Qh5 17. Nd2 Bf5 18. f3 Rae8 19. Rxe8 Rxe8 20. Ne4 Bxe4 21. fxe4
Rxe4 22. Bd1 g4 23. Bc2 Re6 24. Bd2 Ne3 25. Bxe3 Rxe3 26. Re1 Bxg3 27. Re2 Rf3
28. Qg2 Bd6 29. Be4 Rh3 30. Bxc6 Rxh2 31. Qf1 g3 32. Bg2 Rh4 33. Qf6 Qxe2 34.
Qd8+ Bf8 35. Qg5+ Bg7 36. Qd8+ Bf8 1/2-1/2

[Event "Pere Noel"]
[Site "Montreal CAN"]
[Date "2019.12.29"]
[Round "4.12"]
[White "Fillion, Steve"]
[Black "Destree, Frederic"]
[Result "1-0"]
[WhiteElo "2129"]
[BlackElo "1874"]
[PlyCount "109"]
[EventDate "2019.12.26"]
[EventType "swiss"]
[EventRounds "5"]
[EventCountry "CAN"]

1. e4 c5 2. Nc3 g6 3. g3 Bg7 4. Bg2 Nc6 5. d3 d6 6. Be3 Rb8 7. Qd2 b5 8. Nge2
b4 9. Nd1 Nd4 10. O-O h5 11. h3 Bd7 12. c3 bxc3 13. bxc3 Nxe2+ 14. Qxe2 Qc8 15.
Kh2 Nh6 16. Qd2 f5 17. exf5 Nxf5 18. Bg5 Bc6 19. Ne3 Bxg2 20. Nxg2 e5 21. f4
O-O 22. Rae1 Qb7 23. Re2 Rbe8 24. Qc2 Kh7 25. Re4 d5 26. Ree1 e4 27. dxe4 dxe4
28. Ne3 Nxe3 29. Rxe3 Qd5 30. Rfe1 Qc4 31. Rxe4 Rxe4 32. Rxe4 Qxc3 33. Qxc3
Bxc3 34. Re7+ Kg8 35. Rxa7 Rb8 36. Kg2 Rb2+ 37. Kf3 Bd4 38. a4 Rb3+ 39. Ke4
Rxg3 40. h4 Ra3 41. a5 Ra2 42. Kd5 Bf2 43. a6 Bd4 44. Be7 Ra4 45. Bxc5 Bxc5 46.
Kxc5 Rxf4 47. Rd7 Rxh4 48. a7 Ra4 49. Rd8+ Kf7 50. a8=Q Rxa8 51. Rxa8 Kf6 52.
Kd4 Kf5 53. Ke3 Kg4 54. Kf2 Kh3 55. Rg8 1-0

[Event "Pere Noel"]
[Site "Montreal CAN"]
[Date "2019.12.29"]
[Round "4.13"]
[White "Tsukerman, Julia"]
[Black "Yan, Alex Jikai"]
[Result "1-0"]
[WhiteElo "1950"]
[BlackElo "1915"]
[PlyCount "55"]
[EventDate "2019.12.26"]
[EventType "swiss"]
[EventRounds "5"]
[EventCountry "CAN"]

1. e4 c5 2. Nf3 Nc6 3. d4 cxd4 4. Nxd4 Nf6 5. Nc3 e5 6. Ndb5 d6 7. Bg5 a6 8.
Na3 b5 9. Nd5 Be7 10. Bxf6 Bxf6 11. c3 O-O 12. Nc2 g6 13. a4 bxa4 14. Rxa4 Bg7
15. Bc4 Bb7 16. Nce3 Ne7 17. O-O Nxd5 18. Nxd5 Bxd5 19. Qxd5 Qc7 20. Rfa1 Rab8
21. b3 Rb6 22. Rxa6 Rxa6 23. Rxa6 Rd8 24. Qc6 Qxc6 25. Rxc6 Rd7 26. b4 Kf8 27.
b5 Ke7 28. b6 1-0

[Event "Pere Noel"]
[Site "Montreal CAN"]
[Date "2019.12.29"]
[Round "4.14"]
[White "Landry, Sylvain"]
[Black "Hernandez, Juan Felipe"]
[Result "1/2-1/2"]
[WhiteElo "1974"]
[BlackElo "1814"]
[PlyCount "59"]
[EventDate "2019.12.26"]
[EventType "swiss"]
[EventRounds "5"]
[EventCountry "CAN"]

1. e4 e6 2. d4 d5 3. Nc3 Bb4 4. e5 c5 5. a3 Bxc3+ 6. bxc3 Ne7 7. Nf3 Nbc6 8. a4
Bd7 9. Be2 Qa5 10. Bd2 c4 11. O-O f6 12. Re1 fxe5 13. dxe5 Ng6 14. Ng5 O-O 15.
Bg4 Rae8 16. Nf3 Qc7 17. Qe2 Nf4 18. Qd1 h5 19. Ng5 hxg4 20. Qxg4 Nxe5 21. Qh4
Rf5 22. Qh7+ Kf8 23. Qh8+ Ke7 24. Qxg7+ Nf7 25. Nxf7 Rxf7 26. Qg5+ Kf8 27. Qh6+
Ke7 28. Qg5+ Kf8 29. Qh6+ Ke7 30. Qg5+ 1/2-1/2

[Event "Pere Noel"]
[Site "Montreal CAN"]
[Date "2019.12.29"]
[Round "4.15"]
[White "Zhe, Jia"]
[Black "He, Jiaqi"]
[Result "1-0"]
[WhiteElo "1916"]
[BlackElo "1639"]
[PlyCount "159"]
[EventDate "2019.12.26"]
[EventType "swiss"]
[EventRounds "5"]
[EventCountry "CAN"]

1. c4 e5 2. d3 Nf6 3. Nf3 Nc6 4. Nc3 Bc5 5. e3 O-O 6. Be2 h6 7. O-O Re8 8. d4
exd4 9. exd4 Bf8 10. Bf4 d6 11. a3 Bf5 12. b4 a6 13. Re1 Rc8 14. Ra2 d5 15. c5
Ne4 16. Qb3 Nxc3 17. Qxc3 Be7 18. b5 axb5 19. Bxb5 Bf6 20. Rae2 Re4 21. Bxc6
bxc6 22. Be5 Ra8 23. Bxf6 Qxf6 24. Ne5 Ra4 25. Rxe4 Bxe4 26. f3 Bf5 27. Rd1 Qe6
28. Qb3 Ra6 29. Qb8+ Qc8 30. Qxc8+ Bxc8 31. Ra1 f6 32. Nd3 Ra4 33. Nb4 Bb7 34.
Kf2 Kf7 35. Ke3 Ke6 36. Kd2 Kd7 37. Kc3 Ba6 38. Kb3 Bb5 39. Re1 Ra8 40. g3 Ba4+
41. Kb2 Rf8 42. Kc3 Ra8 43. Kb2 Rf8 44. Re3 g6 45. Kc3 Ra8 46. Kd2 Bb5 47. Ke1
Re8 48. Rxe8 Kxe8 49. Kd2 Kd7 50. Na2 Ke8 51. Nc3 Bc4 52. Nd1 h5 53. Ne3 Bb3
54. f4 Kd7 55. Ng2 Ke7 56. Kc3 Ba4 57. Kb4 Bb5 58. a4 Bc4 59. Ne3 Bd3 60. Kc3
Be2 61. Nc2 Kd7 62. Nb4 Bc4 63. Nc2 Kc8 64. Ne3 Be2 65. Kd2 Ba6 66. Ng2 Bc4 67.
Nh4 g5 68. fxg5 fxg5 69. Nf3 Bb3 70. a5 g4 71. Ne5 Kb7 72. Kc3 Bd1 73. Ng6 Ka6
74. Kb4 Bc2 75. Nf4 Be4 76. Nxh5 Bg2 77. Nf6 Bf3 78. Nd7 Kb7 79. Ne5 Be2 80.
Kc3 1-0

[Event "Pere Noel"]
[Site "Montreal CAN"]
[Date "2019.12.29"]
[Round "4.16"]
[White "Gorunovich, Anna"]
[Black "Kozlov, Guennadi"]
[Result "1/2-1/2"]
[WhiteElo "1890"]
[BlackElo "1893"]
[PlyCount "54"]
[EventDate "2019.12.26"]
[EventType "swiss"]
[EventRounds "5"]
[EventCountry "CAN"]

1. e4 e6 2. d4 d5 3. exd5 exd5 4. Bd3 Bd6 5. Ne2 Ne7 6. Bf4 Bxf4 7. Nxf4 Bf5 8.
O-O O-O 9. Re1 Bxd3 10. Nxd3 Ng6 11. Nd2 Nd7 12. Nf3 Nf6 13. c3 c6 14. Nde5 Ne4
15. Nxg6 hxg6 16. Ne5 Re8 17. Qb3 Qb6 18. Qxb6 axb6 19. a3 b5 20. f3 Nd6 21.
Kf2 Re6 22. Re2 Rae8 23. Rae1 g5 24. h3 f6 25. Nd3 Rxe2+ 26. Rxe2 Rxe2+ 27.
Kxe2 Kf7 1/2-1/2

[Event "Pere Noel"]
[Site "Montreal CAN"]
[Date "2019.12.29"]
[Round "4.17"]
[White "Guipi Bopala, Prince Eric jr"]
[Black "Jiang, Barron Jiyu"]
[Result "0-1"]
[WhiteElo "1863"]
[BlackElo "1730"]
[PlyCount "152"]
[EventDate "2019.12.26"]
[EventType "swiss"]
[EventRounds "5"]
[EventCountry "CAN"]

1. d4 Nf6 2. c4 e5 3. dxe5 Ng4 4. Bf4 Nc6 5. Nf3 Bb4+ 6. Nbd2 Qe7 7. e3 Ngxe5
8. Be2 O-O 9. O-O a5 10. Qc2 d6 11. Nxe5 dxe5 12. Bg3 f5 13. f3 f4 14. Bf2 fxe3
15. Bxe3 Bc5 16. Bxc5 Qxc5+ 17. Kh1 Nd4 18. Qd1 Nxe2 19. Qxe2 Ra6 20. Rfe1 Re6
21. Rad1 Qe7 22. Ne4 Rh6 23. Nc3 Re8 24. Qf2 Qf7 25. Rd5 Qf4 26. g3 Qxc4 27.
Rdxe5 Rxe5 28. Rxe5 Qc6 29. Qe2 Re6 30. Rxe6 Qxe6 31. Qd2 Qd7 32. Qe3 Qe6 33.
Qd2 Qd7 34. Qe3 Qe6 35. Qd2 Qd7 36. Qc2 Qf7 37. Qe4 Qe6 38. Qd3 Qd7 39. Qc4+
Qf7 40. Qe4 Qe6 41. Qd4 Qd7 42. Qc4+ Qf7 43. Qd3 Qd7 44. Qb5 Qxb5 45. Nxb5 Be6
46. a3 c6 47. Nd4 Bd5 48. Kg2 Kf7 49. Kf2 c5 50. Nb5 Ke7 51. Ke3 Bc4 52. Nc3
Kd6 53. f4 b5 54. g4 b4 55. axb4 cxb4 56. Ne4+ Kd5 57. Nd2 a4 58. Nb1 Ba2 59.
Nd2 a3 60. bxa3 bxa3 61. Kd3 Kc5 62. Kc3 Be6 63. h3 a2 64. Kb2 Kd4 65. f5 Bf7
66. g5 Ke5 67. f6 g6 68. Nf3+ Kf5 69. Nd4+ Kxg5 70. Nc2 Kxf6 71. Kc3 Kg5 72.
Kd4 Kh4 73. Ke5 Kxh3 74. Kf6 h5 75. Kxf7 g5 76. Kg6 g4 0-1

[Event "Pere Noel"]
[Site "Montreal CAN"]
[Date "2019.12.29"]
[Round "4.18"]
[White "Sekki, Abderaouf"]
[Black "Yang, Kun"]
[Result "1-0"]
[WhiteElo "1794"]
[BlackElo "1071"]
[PlyCount "93"]
[EventDate "2019.12.26"]
[EventType "swiss"]
[EventRounds "5"]
[EventCountry "CAN"]

1. d4 Nf6 2. c4 e6 3. Nc3 Be7 4. Bg5 d5 5. cxd5 exd5 6. e3 Nbd7 7. Bd3 c5 8.
dxc5 Nxc5 9. Bb5+ Kf8 10. Nf3 a6 11. Be2 Nce4 12. O-O Nxc3 13. bxc3 Be6 14. Nd4
Rc8 15. Bxf6 Bxf6 16. Qb3 Qe7 17. Rac1 b5 18. a4 bxa4 19. Qxa4 Qd6 20. Qxa6
Qxa6 21. Bxa6 Rc5 22. Rfd1 Ke7 23. c4 Bc8 24. Bb5 Bb7 25. Nb3 Rc7 26. cxd5 Rxc1
27. Nxc1 Rd8 28. e4 Be5 29. Ne2 Rc8 30. Rc1 Rxc1+ 31. Nxc1 Kd6 32. Nd3 Bd4 33.
Bc4 f5 34. exf5 Bxd5 35. Bxd5 Kxd5 36. g4 Ke4 37. Ne1 Kf4 38. h3 Bb6 39. Kg2
Bc7 40. Nd3+ Kg5 41. Nc5 Kh4 42. Ne6 Be5 43. Nf8 Bd6 44. Nxh7 Be7 45. f4 g6 46.
fxg6 Bf6 47. f5 1-0

[Event "Pere Noel"]
[Site "Montreal CAN"]
[Date "2019.12.30"]
[Round "5.2"]
[White "Rodrigue-Lemieux, Shawn"]
[Black "Leveille, Francois"]
[Result "1-0"]
[WhiteElo "2387"]
[BlackElo "2300"]
[PlyCount "79"]
[EventDate "2019.12.26"]
[EventType "swiss"]
[EventRounds "5"]
[EventCountry "CAN"]

1. c4 g6 2. Nc3 Bg7 3. Nf3 d6 4. d4 Nf6 5. e4 O-O 6. Be2 Bg4 7. Be3 Nfd7 8. Ng1
Bxe2 9. Ngxe2 c5 10. O-O cxd4 11. Nxd4 Nc6 12. b3 Qa5 13. Nd5 Rfe8 14. b4 Qd8
15. Rc1 e6 16. Nxc6 bxc6 17. Nf4 Nf6 18. Qf3 Qb8 19. Rb1 d5 20. exd5 cxd5 21.
cxd5 e5 22. Nh3 Qb5 23. Bc5 a5 24. a3 axb4 25. axb4 e4 26. Qb3 Rad8 27. Rfd1 h6
28. d6 g5 29. Ra1 Nd7 30. Ra7 Re6 31. Qe3 Bf6 32. Kh1 Re5 33. Rc7 Ra8 34. Ng1
Ree8 35. Qh3 Ne5 36. Qf5 Kg7 37. Qxe4 Ra3 38. Qd5 Rd8 39. Re1 Qd3 40. Rxe5 1-0

[Event "Pere Noel"]
[Site "Montreal CAN"]
[Date "2019.12.30"]
[Round "5.3"]
[White "Duong, Thanh Nha"]
[Black "Allard, Laurent"]
[Result "1/2-1/2"]
[WhiteElo "2295"]
[BlackElo "2145"]
[PlyCount "101"]
[EventDate "2019.12.26"]
[EventType "swiss"]
[EventRounds "5"]
[EventCountry "CAN"]

1. e4 c5 2. Nc3 Nc6 3. f4 g6 4. Nf3 Bg7 5. Bb5 Nd4 6. O-O Nxb5 7. Nxb5 Nf6 8.
d3 d6 9. Qe1 O-O 10. Nc3 Nd7 11. f5 Ne5 12. Bg5 f6 13. Bh4 e6 14. fxe6 Bxe6 15.
Nd5 Bxd5 16. exd5 Qc7 17. Nxe5 dxe5 18. c4 f5 19. Rb1 Rfe8 20. Bg3 Qd7 21. b4
e4 22. dxe4 Rxe4 23. Qc1 cxb4 24. Rxb4 a5 25. Rb5 Rc8 26. Rxa5 Rexc4 27. Qd1 b6
28. Ra3 Rd4 29. Qb3 Qxd5 30. Bf2 Qxb3 31. axb3 Rd2 32. Re1 Bf8 33. Ra7 Rcc2 34.
Bg3 Rxg2+ 35. Kh1 Rge2 36. Rxe2 Rxe2 37. Ra8 Kf7 38. Ra7+ Be7 39. Rb7 g5 40.
Bd6 Re6 41. Bxe7 Rxe7 42. Rxb6 Re2 43. b4 Rb2 44. b5 f4 45. Kg1 f3 46. Rh6 Kg7
47. Rh3 g4 48. Rh4 Rb4 49. h3 Rxb5 50. Rxg4+ Kf6 51. Kf2 1/2-1/2

[Event "Pere Noel"]
[Site "Montreal CAN"]
[Date "2019.12.30"]
[Round "5.4"]
[White "Galbradrakh, Enkh-Amar"]
[Black "Saha, Ananda"]
[Result "1/2-1/2"]
[WhiteElo "2152"]
[BlackElo "2270"]
[PlyCount "156"]
[EventDate "2019.12.26"]
[EventType "swiss"]
[EventRounds "5"]
[EventCountry "CAN"]

1. e4 e6 2. d4 d5 3. Nc3 Nf6 4. Bg5 dxe4 5. Nxe4 Be7 6. Bxf6 gxf6 7. Nf3 b6 8.
Bb5+ c6 9. Bd3 Bb7 10. Qd2 Qc7 11. Qh6 Nd7 12. Qg7 Rf8 13. Qxh7 O-O-O 14. Ned2
f5 15. c3 Nf6 16. Qh3 Rh8 17. Qg3 Bd6 18. Ne5 Rhg8 19. Qh3 Bxe5 20. dxe5 Qxe5+
21. Be2 Ba6 22. Qf3 Kc7 23. g3 Rd6 24. Qe3 Qd5 25. Bf3 Qb5 26. O-O-O e5 27. c4
Qa4 28. Qxe5 Re8 29. Qf4 Qxa2 30. Nb3 Red8 31. Rxd6 Rxd6 32. Rd1 Ne8 33. Kc2
Qa4 34. c5 Qxf4 35. gxf4 Rh6 36. Re1 Re6 37. Rxe6 fxe6 38. cxb6+ axb6 39. Nd4
Kd6 40. Nxc6 Bb7 41. Ne5 Bxf3 42. Nxf3 Nf6 43. Ne5 Nh5 44. Ng6 Kc5 45. Kd3 b5
46. h4 Nf6 47. Ke3 Nh5 48. Nf8 Kd6 49. Nh7 Kd5 50. Ng5 Kd6 51. Nf3 Ng7 52. Nd4
Kc5 53. Kd3 Kb4 54. b3 Kc5 55. Nc2 Kd5 56. b4 Nh5 57. Ne3+ Kd6 58. Ng2 Kd5 59.
f3 Kc6 60. Kd4 Kd6 61. Ke3 Kd5 62. Ne1 Kc4 63. Nd3 Kc3 64. Nc5 Ng7 65. Na6 Kc4
66. Ke2 Nh5 67. Ke3 Ng7 68. Nc7 Kxb4 69. Kd4 Ka5 70. Nxb5 Kxb5 71. Ke5 Kc5 72.
Kf6 Nh5+ 73. Kxe6 Ng3 74. h5 Nxh5 75. Kxf5 Kd6 76. Kg5 Ng7 77. Kg6 Ke6 78. Kxg7
Kf5 1/2-1/2

[Event "Pere Noel"]
[Site "Montreal CAN"]
[Date "2019.12.30"]
[Round "5.5"]
[White "Nunez-Painchaud, Raphael"]
[Black "Mok, Yuen Tak"]
[Result "1/2-1/2"]
[WhiteElo "2172"]
[BlackElo "2069"]
[PlyCount "135"]
[EventDate "2019.12.26"]
[EventType "swiss"]
[EventRounds "5"]
[EventCountry "CAN"]

1. c4 c6 2. Nf3 d5 3. d4 e6 4. g3 dxc4 5. Bg2 b5 6. O-O Bb7 7. Nc3 Nd7 8. e4
Ngf6 9. e5 Nd5 10. Ng5 Nxc3 11. bxc3 Be7 12. Ne4 O-O 13. Qg4 Kh8 14. Rb1 Nb6
15. Bg5 Nd5 16. h4 Rb8 17. Rfc1 Bc8 18. Qh5 f6 19. exf6 gxf6 20. Bh6 Rg8 21.
Nd2 Bd7 22. Be4 Qe8 23. Qe2 Qf7 24. a4 a6 25. Nf3 Bd6 26. Kh1 Rbe8 27. axb5
axb5 28. Ra1 Bb8 29. Ra3 Nc7 30. Ra2 Nd5 31. Ra8 Bd6 32. Rxe8 Rxe8 33. Bd2 Ra8
34. Bb1 Re8 35. Kg2 c5 36. Re1 Bc6 37. Kh3 Bd7 38. Kg2 Re7 39. h5 Bc6 40. Be4
Bd7 41. h6 Bc6 42. Ra1 Re8 43. Qe1 Qb7 44. Kh2 Nc7 45. dxc5 Bxc5 46. Ng5 Bxe4
47. Qxe4 Qxe4 48. Nxe4 Be7 49. Ra7 Rc8 50. Rb7 Kg8 51. g4 Kf7 52. Kg2 Kg6 53.
Kf3 Bf8 54. Ke2 Nd5 55. f4 f5 56. gxf5+ exf5 57. Rxb5 fxe4 58. Rxd5 Rc6 59. Ke3
Bxh6 60. Kxe4 Bg7 61. f5+ Kf7 62. Rd7+ Kg8 63. Rd8+ Kf7 64. Kd5 Rc7 65. Bf4 Re7
66. Rc8 Bxc3 67. Rxc4 Bf6 68. Rc7 1/2-1/2

[Event "Pere Noel"]
[Site "Montreal CAN"]
[Date "2019.12.30"]
[Round "5.6"]
[White "Voskanyan, Vahagn"]
[Black "Fillion, Steve"]
[Result "1/2-1/2"]
[WhiteElo "2232"]
[BlackElo "2129"]
[PlyCount "68"]
[EventDate "2019.12.26"]
[EventType "swiss"]
[EventRounds "5"]
[EventCountry "CAN"]

1. Nf3 d5 2. d4 Nf6 3. c4 c6 4. Nc3 a6 5. cxd5 cxd5 6. Bf4 Nc6 7. e3 Bg4 8. h3
Bxf3 9. Qxf3 e6 10. Bd3 Bd6 11. O-O Bxf4 12. Qxf4 O-O 13. Rac1 Rc8 14. Na4 Nd7
15. Qd6 Qc7 16. Qxc7 Rxc7 17. Rc3 Rfc8 18. Rfc1 Kf8 19. a3 Ke7 20. b4 Kd8 21.
Nc5 Nxc5 22. Rxc5 h6 23. h4 Nb8 24. Ra1 Nd7 25. Rxc7 Rxc7 26. Kf1 Nb6 27. Ke2
Nc4 28. Ra2 Nd6 29. f3 Rc1 30. Kf2 Rh1 31. Kg3 Rd1 32. Be2 Rh1 33. Bd3 Rd1 34.
Be2 Rh1 1/2-1/2

[Event "Pere Noel"]
[Site "Montreal CAN"]
[Date "2019.12.30"]
[Round "5.7"]
[White "Zhong, Kevin"]
[Black "Tsukerman, Julia"]
[Result "1-0"]
[WhiteElo "2185"]
[BlackElo "1950"]
[PlyCount "39"]
[EventDate "2019.12.26"]
[EventType "swiss"]
[EventRounds "5"]
[EventCountry "CAN"]

1. e4 c5 2. Nf3 d6 3. d4 cxd4 4. Nxd4 Nf6 5. Nc3 a6 6. Bc4 e6 7. Bb3 Be7 8. f4
Nbd7 9. Bxe6 Nc5 10. Bxc8 Rxc8 11. Qf3 Qc7 12. Be3 b5 13. Nf5 O-O 14. Bxc5 dxc5
15. e5 Rfe8 16. O-O Qd7 17. Nxe7+ Qxe7 18. exf6 Qxf6 19. Rad1 b4 20. Ne4 1-0

[Event "Pere Noel"]
[Site "Montreal CAN"]
[Date "2019.12.30"]
[Round "5.8"]
[White "Craciun, David"]
[Black "Huang, Qiuyu"]
[Result "0-1"]
[WhiteElo "1901"]
[BlackElo "2181"]
[PlyCount "48"]
[EventDate "2019.12.26"]
[EventType "swiss"]
[EventRounds "5"]
[EventCountry "CAN"]

1. d4 f5 2. Nc3 Nf6 3. Bg5 d5 4. Bxf6 exf6 5. e3 Be6 6. Bd3 Qd7 7. Qf3 Nc6 8.
Nge2 g5 9. h3 O-O-O 10. O-O-O Kb8 11. Ng3 Ne7 12. Nh5 Ng8 13. Rdg1 Bb4 14. Ne2
Rf8 15. g4 Nh6 16. gxf5 Nxf5 17. Neg3 Nh4 18. Qe2 Bxh3 19. f4 Bg4 20. Qf2 h6
21. f5 Rh7 22. Rf1 Re7 23. Kb1 Qd8 24. c3 Bd6 0-1

[Event "Pere Noel"]
[Site "Montreal CAN"]
[Date "2019.12.30"]
[Round "5.9"]
[White "Richard, Leo"]
[Black "Robichaud, Louis"]
[Result "0-1"]
[WhiteElo "2016"]
[BlackElo "2153"]
[PlyCount "58"]
[EventDate "2019.12.26"]
[EventType "swiss"]
[EventRounds "5"]
[EventCountry "CAN"]

1. e4 e5 2. Nf3 Nc6 3. Bc4 Bc5 4. c3 Nf6 5. d3 O-O 6. O-O d5 7. exd5 Nxd5 8. a4
Bf5 9. Re1 Nb6 10. Bg5 Be7 11. Bxe7 Qxe7 12. Bb5 Nd7 13. Bxc6 bxc6 14. Nd4 Bg6
15. Nxc6 Qd6 16. Na5 Bxd3 17. Nd2 Nb6 18. Qf3 Ba6 19. Rad1 Nxa4 20. b3 Qb6 21.
Rxe5 Nb2 22. Rb1 Nd3 23. Rd5 Qg6 24. Ne4 Rae8 25. Nd2 Ne1 26. Qg3 Qc2 27. Nc6
Nd3 28. Nb4 Nxb4 29. cxb4 Re2 0-1

[Event "Pere Noel"]
[Site "Montreal CAN"]
[Date "2019.12.30"]
[Round "5.10"]
[White "Zheng, Richard"]
[Black "Templonuevo, Mark Geryl"]
[Result "1-0"]
[WhiteElo "2142"]
[BlackElo "1989"]
[PlyCount "55"]
[EventDate "2019.12.26"]
[EventType "swiss"]
[EventRounds "5"]
[EventCountry "CAN"]

1. b3 d5 2. Bb2 c5 3. e3 Nc6 4. Bb5 Qc7 5. f4 f6 6. Qh5+ g6 7. Qxd5 Bd7 8. Qf3
O-O-O 9. Qe2 a6 10. Bxc6 Bxc6 11. Nf3 h6 12. Ne5 Be8 13. Nxg6 Bg7 14. Nxh8 Bxh8
15. c4 e6 16. O-O Ne7 17. Nc3 Bc6 18. d4 f5 19. dxc5 Rg8 20. Rf2 Rg4 21. Nb5
axb5 22. Bxh8 Ng6 23. Bf6 bxc4 24. Qxc4 Bd5 25. Qa4 Qxc5 26. Qe8+ Kc7 27. Qd8+
Kc6 28. Bd4 1-0

[Event "Pere Noel"]
[Site "Montreal CAN"]
[Date "2019.12.30"]
[Round "5.11"]
[White "Goldner, John"]
[Black "Steinberg, Ellis"]
[Result "0-1"]
[WhiteElo "1682"]
[BlackElo "2017"]
[PlyCount "94"]
[EventDate "2019.12.26"]
[EventType "swiss"]
[EventRounds "5"]
[EventCountry "CAN"]

1. e4 g6 2. d4 d6 3. h3 Bg7 4. Nf3 Nf6 5. Nc3 c6 6. a4 O-O 7. Be2 Qc7 8. Be3 e5
9. O-O a5 10. Qd2 Re8 11. dxe5 dxe5 12. Rad1 Na6 13. Bc4 Be6 14. Bxe6 Rxe6 15.
Rfe1 Ree8 16. Qd6 Qxd6 17. Rxd6 Re7 18. Red1 Ne8 19. Rd8 Rxd8 20. Rxd8 Nb4 21.
Bc5 Kf8 22. Bxe7+ Kxe7 23. Rd2 Bh6 24. Re2 f6 25. Nh2 Nc7 26. Ng4 Bc1 27. b3
Ne6 28. Nb1 Nd4 29. Re1 Nbxc2 30. Rf1 Nxb3 31. g3 b5 32. axb5 cxb5 33. Nc3 b4
34. Na4 h5 35. Nh2 Nbd4 36. Kg2 Ne2 37. Nf3 b3 38. Ne1 Nb4 39. Kf3 Nd4+ 40. Kg2
b2 41. Nc3 a4 42. Nb1 Nb5 43. f4 a3 44. fxe5 a2 45. exf6+ Kf8 46. e5 axb1=Q 47.
Nf3 Qe4 0-1

[Event "Pere Noel"]
[Site "Montreal CAN"]
[Date "2019.12.30"]
[Round "5.12"]
[White "Landry, Sylvain"]
[Black "Zhe, Jia"]
[Result "1/2-1/2"]
[WhiteElo "1974"]
[BlackElo "1916"]
[PlyCount "116"]
[EventDate "2019.12.26"]
[EventType "swiss"]
[EventRounds "5"]
[EventCountry "CAN"]

1. e4 d6 2. d4 g6 3. Nc3 Bg7 4. Be3 a6 5. Bc4 Nc6 6. a4 e5 7. dxe5 Nxe5 8. Bb3
Ne7 9. h3 O-O 10. f4 N5c6 11. Nge2 Be6 12. O-O Bxb3 13. cxb3 f5 14. Qd3 Kh8 15.
Rad1 Qc8 16. Ng3 Qe6 17. Nd5 Rac8 18. exf5 Nxf5 19. Nxf5 Qxf5 20. Qd2 Rfe8 21.
b4 Re4 22. b5 axb5 23. axb5 Nb8 24. Rfe1 Qf7 25. Qc2 Re6 26. b6 c5 27. Kh1 Na6
28. b4 Qd7 29. bxc5 Nxc5 30. Nc7 Na6 31. Qc4 Re7 32. Bd4 Nxc7 33. Rxe7 Qxe7 34.
Rc1 Bxd4 35. Qxd4+ Kg8 36. Qc4+ Kf8 37. Qxc7 Rd8 38. Rd1 Qxc7 39. bxc7 Rc8 40.
Rxd6 Rxc7 41. Rb6 Ke7 42. Kg1 Kd8 43. Kf2 Re7 44. g4 Kc7 45. Rf6 b6 46. f5 gxf5
47. Rxf5 Kc6 48. g5 b5 49. h4 b4 50. Rf3 Kd5 51. h5 Kc4 52. g6 hxg6 53. hxg6
Rg7 54. Rf4+ Kc3 55. Rf3+ Kc2 56. Rf6 b3 57. Rc6+ Kb1 58. Ke2 Rd7 1/2-1/2

[Event "Pere Noel"]
[Site "Montreal CAN"]
[Date "2019.12.30"]
[Round "5.13"]
[White "Kozlov, Guennadi"]
[Black "Forest, Jimmy"]
[Result "1-0"]
[WhiteElo "1893"]
[BlackElo "1807"]
[PlyCount "133"]
[EventDate "2019.12.26"]
[EventType "swiss"]
[EventRounds "5"]
[EventCountry "CAN"]

1. e4 Nc6 2. d4 e5 3. d5 Nce7 4. c4 Ng6 5. Nf3 Nf6 6. Nc3 Bb4 7. Bd3 Bxc3+ 8.
bxc3 d6 9. O-O O-O 10. Be3 b6 11. h3 Nh5 12. Bg5 f6 13. Be3 Nhf4 14. Bxf4 Nxf4
15. Kh2 f5 16. exf5 Bxf5 17. Bxf5 Rxf5 18. g3 Ng6 19. Nd2 Qd7 20. Ne4 Raf8 21.
a4 a5 22. Ra2 h6 23. Qg4 Kh7 24. Kg2 R5f7 25. Qxd7 Rxd7 26. f3 Rdf7 27. Raf2
Ne7 28. Re1 g5 29. Ref1 Nf5 30. Re1 Kg6 31. Ree2 h5 32. Re1 h4 33. g4 Ne7 34.
Re3 Kh6 35. Nd2 Ng6 36. Ne4 Nf4+ 37. Kh2 Rc8 38. Rb2 Ng6 39. Kg2 Rcf8 40. Rf2
Rf4 41. Nd2 R8f7 42. Ne4 Nf8 43. Nd2 Nd7 44. Ne4 Kg6 45. Rf1 Nf6 46. Rf2 Nxe4
47. Rxe4 c6 48. Rxf4 Rxf4 49. c5 cxd5 50. cxb6 Rf7 51. Rb2 Rb7 52. Rb5 Kf6 53.
Kf2 Ke6 54. Rxa5 Rxb6 55. Ra8 Rb3 56. a5 Rxc3 57. a6 Rc2+ 58. Kf1 Ra2 59. a7
Ra1+ 60. Ke2 Ra2+ 61. Kd1 Ra1+ 62. Kc2 e4 63. fxe4 dxe4 64. Re8+ Kf6 65. a8=Q
Rxa8 66. Rxa8 Ke5 67. Rf8 1-0

[Event "Pere Noel"]
[Site "Montreal CAN"]
[Date "2019.12.30"]
[Round "5.14"]
[White "Jiang, Barron Jiyu"]
[Black "Gorunovich, Anna"]
[Result "1-0"]
[WhiteElo "1730"]
[BlackElo "1890"]
[PlyCount "55"]
[EventDate "2019.12.26"]
[EventType "swiss"]
[EventRounds "5"]
[EventCountry "CAN"]

1. e4 c5 2. Nf3 e6 3. d4 cxd4 4. Nxd4 a6 5. Nc3 Qc7 6. Be2 Nf6 7. O-O b5 8. Bf3
Nc6 9. e5 Ng8 10. Nxc6 dxc6 11. Qe2 Bb7 12. Bf4 Ne7 13. Bg3 Nf5 14. Rad1 Be7
15. Bg4 Nxg3 16. hxg3 b4 17. Ne4 Qxe5 18. f4 Qc7 19. f5 Qb6+ 20. Kh1 h5 21. Bh3
f6 22. fxe6 h4 23. Qg4 O-O 24. Qg6 Qe3 25. Rf4 Rad8 26. Rdf1 c5 27. Bf5 Bxe4
28. Qh7# 1-0

[Event "Pere Noel"]
[Site "Montreal CAN"]
[Date "2019.12.30"]
[Round "5.15"]
[White "Destree, Frederic"]
[Black "Sekki, Abderaouf"]
[Result "0-1"]
[WhiteElo "1874"]
[BlackElo "1794"]
[PlyCount "72"]
[EventDate "2019.12.26"]
[EventType "swiss"]
[EventRounds "5"]
[EventCountry "CAN"]

1. Nf3 f5 2. g3 Nf6 3. Bg2 g6 4. O-O Bg7 5. c4 O-O 6. d4 d6 7. Nc3 e6 8. Be3
Ne4 9. Qc2 Nxc3 10. bxc3 e5 11. dxe5 dxe5 12. Rad1 Qe7 13. Qb3 c6 14. Rd2 Na6
15. Rfd1 e4 16. Bg5 Qf7 17. Nd4 Nc5 18. Qb4 Ne6 19. Qe7 Nxg5 20. Qxg5 Bf6 21.
Qe3 Qxc4 22. g4 c5 23. Nb3 b6 24. gxf5 Bxf5 25. f3 exf3 26. Qxf3 Be6 27. Qc6
Rae8 28. Rd6 Qxe2 29. Bf3 Qe3+ 30. Kh1 Bxc3 31. R1d3 Qe1+ 32. Kg2 Bc4 33. Bd5+
Kh8 34. Bxc4 Re2+ 35. Kh3 Qf1+ 36. Kh4 Qf4+ 0-1

[Event "Pere Noel"]
[Site "Montreal CAN"]
[Date "2019.12.30"]
[Round "5.17"]
[White "He, Jiaqi"]
[Black "Yan, Alex Jikai"]
[Result "0-1"]
[WhiteElo "1639"]
[BlackElo "1815"]
[PlyCount "92"]
[EventDate "2019.12.26"]
[EventType "swiss"]
[EventRounds "5"]
[EventCountry "CAN"]

1. e4 c5 2. Nf3 Nc6 3. d4 cxd4 4. Nxd4 Nf6 5. Nc3 e5 6. Ndb5 d6 7. Bg5 a6 8.
Na3 b5 9. Nd5 Be7 10. Nxe7 Qxe7 11. c3 O-O 12. Bd3 h6 13. Bh4 Be6 14. O-O Rfd8
15. Nc2 g5 16. Bg3 d5 17. exd5 Bxd5 18. Ne3 Be4 19. Qb3 Bxd3 20. Rfd1 Bg6 21.
Nd5 Nxd5 22. Rxd5 Rxd5 23. Qxd5 Qe6 24. Qxe6 fxe6 25. Rd1 Rd8 26. Rxd8+ Nxd8
27. Bxe5 Nc6 28. Bc7 Kf7 29. f3 e5 30. Kf2 Ke6 31. Ke3 Ne7 32. Bb8 Nd5+ 33. Kd2
Nb6 34. b3 Bb1 35. a3 Bg6 36. Bc7 Nd7 37. c4 Nc5 38. cxb5 axb5 39. Kc3 Bf7 40.
Bb6 Kd6 41. Bxc5+ Kxc5 42. h3 Bd5 43. b4+ Kd6 44. Kd3 Ba2 45. g3 Kd5 46. h4
Bb1+ 0-1